<?xml version="1.0" encoding="UTF-8"?><?xml-stylesheet type="text/xsl" href="static/style.xsl"?><OAI-PMH xmlns="http://www.openarchives.org/OAI/2.0/" xmlns:xsi="http://www.w3.org/2001/XMLSchema-instance" xsi:schemaLocation="http://www.openarchives.org/OAI/2.0/ http://www.openarchives.org/OAI/2.0/OAI-PMH.xsd"><responseDate>2026-04-14T07:34:02Z</responseDate><request verb="GetRecord" identifier="oai:www.recercat.cat:10256/21651" metadataPrefix="marc">https://recercat.cat/oai/request</request><GetRecord><record><header><identifier>oai:recercat.cat:10256/21651</identifier><datestamp>2024-06-18T11:51:34Z</datestamp><setSpec>com_2072_452955</setSpec><setSpec>com_2072_2054</setSpec><setSpec>col_2072_453063</setSpec></header><metadata><record xmlns="http://www.loc.gov/MARC21/slim" xmlns:dcterms="http://purl.org/dc/terms/" xmlns:xsi="http://www.w3.org/2001/XMLSchema-instance" xmlns:doc="http://www.lyncode.com/xoai" xsi:schemaLocation="http://www.loc.gov/MARC21/slim http://www.loc.gov/standards/marcxml/schema/MARC21slim.xsd">
   <leader>00925njm 22002777a 4500</leader>
   <datafield ind2=" " ind1=" " tag="042">
      <subfield code="a">dc</subfield>
   </datafield>
   <datafield ind2=" " ind1=" " tag="720">
      <subfield code="a">Fort, Joaquim</subfield>
      <subfield code="e">author</subfield>
   </datafield>
   <datafield ind2=" " ind1=" " tag="260">
      <subfield code="c">2022-04-06</subfield>
   </datafield>
   <datafield ind2=" " ind1=" " tag="520">
      <subfield code="a">The seminal book The Neolithic transition and the genetics of&#xd;
populations in Europe by Ammerman and Cavalli-Sforza (1984)&#xd;
contains the analysis of archaeological data that led to the result&#xd;
that the spread rate of the Neolithic in Europe was on average&#xd;
about 1 km/yr. It also contains the direct application of a&#xd;
mathematical model that provides an explanation for this value (1&#xd;
km/yr), the so-called 'wave-of-advance model'. The book also&#xd;
reviews work on the possibility that genetic clines were formed&#xd;
due to the spread of the Neolithic in Europe. This paper is a review&#xd;
of work on both topics since their first joint paper, which was&#xd;
published 50 years ago (Ammerman and Cavalli-Sforza 1971). We&#xd;
also discuss the importance of these and related contributions by&#xd;
Cavalli-Sforza, the present state of the art, and possible lines of&#xd;
future progress.&#xd;
Based on "Ammerman AJ, Cavalli-Sforza LL. The Neolithic&#xd;
transition and the genetics of populations in Europe. New Jersey:&#xd;
Princeton University Press. 1984”</subfield>
   </datafield>
   <datafield ind2=" " ind1=" " tag="520">
      <subfield code="a">This work has been partially funded by the Ministerio de Ciencia e&#xd;
Innovación (grant PID2019-104585GB-I00) and the Institució Catalana&#xd;
d'Estudis Avançats (ICREA Academia grant 2022-2026).</subfield>
   </datafield>
   <datafield ind1="8" ind2=" " tag="024">
      <subfield code="a">http://hdl.handle.net/10256/21651</subfield>
   </datafield>
   <datafield tag="653" ind2=" " ind1=" ">
      <subfield code="a">Neolític -- Models matemàtics</subfield>
   </datafield>
   <datafield tag="653" ind2=" " ind1=" ">
      <subfield code="a">Neolithic period -- Mathematical models</subfield>
   </datafield>
   <datafield tag="653" ind2=" " ind1=" ">
      <subfield code="a">Difusió cultural -- Models matemàtics</subfield>
   </datafield>
   <datafield tag="653" ind2=" " ind1=" ">
      <subfield code="a">Culture diffusion -- Mathematical models</subfield>
   </datafield>
   <datafield ind2="0" ind1="0" tag="245">
      <subfield code="a">Prehistoric spread rates and genetic clines</subfield>
   </datafield>
</record></metadata></record></GetRecord></OAI-PMH>